APEC Schools

Radical candor / (Record no. 8194)

000 -LEADER
fixed length control field nam a22 7a 4500
005 - DATE AND TIME OF LATEST TRANSACTION
control field 20191001062459.0
008 - FIXED-LENGTH DATA ELEMENTS--GENERAL INFORMATION
fixed length control field 191001b xxu||||| |||| 00| 0 eng d
020 ## - IDENTIFIER FOR THE MANIFESTATION
Identifier for the Manifestation 9781250103505
Binding hard bound
040 ## - CATALOGING SOURCE
Language of Cataloging eng
Transcribing Agency APEC Schools Library
Description Conventions rda
082 ## - DEWEY DECIMAL CLASSIFICATION NUMBER
Classification number C 658.409
Author's Number Sco425r 2017
100 ## - CREATOR
Preferred Name of the Person Scott, Kim
245 ## - TITLE AND STATEMENT OF RESPONSIBILITY
Preferred Title Proper Radical candor /
Statement of Responsibility/Parallel Statement of Responsibility Kim Scott
264 ## - PUBLICATION STATEMENT
Place of publication, distribution, etc New York, NY :
Publisher's Name/Parallel Publisher's Name St. Martin's Press,
Copyright ©2017.
300 ## - PHYSICAL DESCRIPTION
Extent 246 pages ;
336 ## - RDA CONTENT
Source rdacontent
Content Type text
337 ## - RDA MEDIA
Source rdamedia
Media Type unmediated
338 ## - RDA CARRIER
Source rdacarrier
Carrier Type volume
504 ## - BIBLIOGRAPHY, ETC. NOTE
Bibliography, etc Includes index.
650 ## - ADDED SUBJECT ACCESS POINT - TOPICAL TERM
Topical Term Executive ability.
650 ## - ADDED SUBJECT ACCESS POINT - TOPICAL TERM
Topical Term Leadership.
650 ## - ADDED SUBJECT ACCESS POINT - TOPICAL TERM
Topical Term Personnel management.
650 ## - ADDED SUBJECT ACCESS POINT - TOPICAL TERM
Topical Term Corporate culture.
942 ## - ADDED ENTRY ELEMENTS (KOHA)
Source of Classification
Koha Item Type Non Fiction
Holdings
Library Site Location Shelving Location Source of Acquisition Full Classification Number Accession Number Koha Item Type
APEC Bacoor Library APEC Bacoor Library Circulation Institutional Fund C 658.409 Sco425r 2017 B04-0000658 Non Fiction
APEC C. Raymundo Library APEC C. Raymundo Library Circulation Institutional Fund C 658.409 Sco425r 2017 A07-0000581 Non Fiction
APEC Calumpang Library APEC Calumpang Library Circulation Institutional Fund C 658.409 Sco425r 2017 B10-0000586 Non Fiction
APEC Dasmarinas Library APEC Dasmarinas Library Circulation Institutional Fund C 658.409 Sco425r 2017 B03-0000621 Non Fiction
APEC Grace Park West Library APEC Grace Park West Library Circulation Institutional Fund C 658.409 Sco425r 2017 A09-0000465 Non Fiction
APEC JRU Lipa Library APEC JRU Lipa Library Circulation Institutional Fund C 658.409 Sco425r 2017 B12-0000641 Non Fiction
APEC Las Piñas Library APEC Las Piñas Library Circulation Institutional Fund C 658.409 Sco425r 2017 C01-0000478 Non Fiction
Chain Library Chain Library Circulation Institutional Fund C 658.409 Sco425r 2017 AC-0000084 Non Fiction

Powered by Koha